[Event "WCO201402"]
[Site "Tromso"]
[Date "2014.08.12"]
[Round "10.1"]
[WhiteID "3900754"]
[White "Sanchez Castillo Sarai Carolina"]
[BlackID "3700860"]
[Black "Vargas Gabriela"]
[Result "1-0"]
[LiveChessVersion "1.4.3"]
[BlackElo "2112"]
[WhiteElo "2207"]

1. e4 {[%clk 1:30:59]} e6 {[%clk 1:30:39]} 2. d4 {[%clk 1:31:27]} d5
{[%clk 1:31:02]} 3. Nc3 {[%clk 1:31:55]} Nf6 {[%clk 1:31:15]} 4. Bg5
{[%clk 1:30:10]} Be7 {[%clk 1:30:56]} 5. e5 {[%clk 1:25:48]} Nfd7
{[%clk 1:31:03]} 6. Bxe7 {[%clk 1:26:01]} Qxe7 {[%clk 1:31:25]} 7. Qg4
{[%clk 1:25:16]} O-O {[%clk 1:28:15]} 8. f4 {[%clk 1:23:09]} f5 {[%clk 1:28:21]}
9. Qh3 {[%clk 1:22:04]} c5 {[%clk 1:25:14]} 10. Nb5 {[%clk 1:13:14]} cxd4
{[%clk 1:13:41]} 11. O-O-O {[%clk 1:09:00]} Nc5 {[%clk 1:12:52]} 12. Qa3
{[%clk 1:04:59]} Nc6 {[%clk 1:10:13]} 13. Nf3 {[%clk 1:00:57]} Ne4
{[%clk 0:55:15]} 14. Qxe7 {[%clk 1:00:52]} Nxe7 {[%clk 0:55:41]} 15. Rg1
{[%clk 0:59:47]} Nc6 {[%clk 0:50:38]} 16. Kb1 {[%clk 0:34:53]} Bd7
{[%clk 0:31:49]} 17. Nbxd4 {[%clk 0:32:14]} Nxd4 {[%clk 0:30:27]} 18. Rxd4
{[%clk 0:27:38]} Kh8 {[%clk 0:22:24]} 19. c4 {[%clk 0:24:39]} Bc6
{[%clk 0:22:51]} 20. cxd5 {[%clk 0:24:30]} Bxd5 {[%clk 0:23:19]} 21. Bc4
{[%clk 0:24:50]} Bxc4 {[%clk 0:20:00]} 22. Rxc4 {[%clk 0:25:15]} Rfd8
{[%clk 0:20:17]} 23. Rgc1 {[%clk 0:23:50]} h6 {[%clk 0:17:36]} 24. Rd4
{[%clk 0:21:21]} b6 {[%clk 0:13:26]} 25. Rc6 {[%clk 0:19:52]} Rxd4
{[%clk 0:08:52]} 26. Nxd4 {[%clk 0:20:19]} Rd8 {[%clk 0:09:05]} 27. Nxe6
{[%clk 0:20:34]} Rd1+ {[%clk 0:09:31]} 28. Rc1 {[%clk 0:20:59]} Rd2
{[%clk 0:09:08]} 29. Rc8+ {[%clk 0:17:08]} Kh7 {[%clk 0:09:36]} 30. Nf8+
{[%clk 0:17:34]} Kg8 {[%clk 0:09:58]} 31. e6 {[%clk 0:17:32]} Nd6
{[%clk 0:02:27]} 32. Rd8 {[%clk 0:17:49]} Rxg2 {[%clk 0:02:49]} 33. Ng6+
{[%clk 0:12:37]} Kh7 {[%clk 0:03:18]} 34. Ne5 {[%clk 0:12:59]} 1-0

[Event "WCO201402"]
[Site "Tromso"]
[Date "2014.08.12"]
[Round "10.2"]
[WhiteID "3507831"]
[White "Perez Rodriguez Jennifer"]
[BlackID "3900401"]
[Black "Gutierrez Salazar Leonela"]
[Result "1-0"]
[LiveChessVersion "1.4.3"]
[BlackElo "2096"]
[WhiteElo "2211"]

1. e4 {[%clk 1:30:52]} c5 {[%clk 1:30:54]} 2. c3 {[%clk 1:31:18]} d6
{[%clk 1:31:16]} 3. d4 {[%clk 1:31:29]} Nd7 {[%clk 1:31:36]} 4. Bd3
{[%clk 1:31:18]} e6 {[%clk 1:31:32]} 5. Nf3 {[%clk 1:30:36]} Ngf6
{[%clk 1:31:23]} 6. O-O {[%clk 1:30:59]} Be7 {[%clk 1:31:41]} 7. Qe2
{[%clk 1:31:10]} h6 {[%clk 1:31:07]} 8. Re1 {[%clk 1:30:26]} O-O {[%clk 1:31:17]}
9. Nbd2 {[%clk 1:26:26]} cxd4 {[%clk 1:31:05]} 10. cxd4 {[%clk 1:26:46]} Re8
{[%clk 1:31:09]} 11. a3 {[%clk 1:22:39]} a6 {[%clk 1:28:17]} 12. e5
{[%clk 1:20:22]} Nd5 {[%clk 1:27:00]} 13. Ne4 {[%clk 1:17:36]} dxe5
{[%clk 1:23:33]} 14. dxe5 {[%clk 1:14:42]} Nf8 {[%clk 1:22:53]} 15. Bd2
{[%clk 1:12:58]} b5 {[%clk 1:21:23]} 16. Rad1 {[%clk 1:11:40]} Bb7
{[%clk 1:18:09]} 17. Bb1 {[%clk 1:08:02]} Qb6 {[%clk 1:16:34]} 18. h4
{[%clk 0:57:36]} b4 {[%clk 1:14:00]} 19. axb4 {[%clk 0:51:37]} Nxb4
{[%clk 1:13:49]} 20. Bxh6 {[%clk 0:43:43]} gxh6 {[%clk 1:10:50]} 21. Qd2
{[%clk 0:41:46]} Kg7 {[%clk 1:05:04]} 22. Nf6 {[%clk 0:35:27]} Bxf3
{[%clk 0:58:26]} 23. gxf3 {[%clk 0:32:07]} Bxf6 {[%clk 0:58:13]} 24. exf6+
{[%clk 0:32:29]} Kxf6 {[%clk 0:58:34]} 25. Qxh6+ {[%clk 0:32:39]} Ng6
{[%clk 0:58:32]} 26. Qg5+ {[%clk 0:32:31]} Kg7 {[%clk 0:58:52]} 27. Bxg6
{[%clk 0:32:55]} Rg8 {[%clk 0:55:07]} 28. Rd7 {[%clk 0:30:12]} Raf8
{[%clk 0:53:57]} 29. Kh1 {[%clk 0:28:30]} e5 {[%clk 0:51:03]} 30. Bxf7+
{[%clk 0:28:22]} Kh8 {[%clk 0:50:55]} 31. Qh5+ {[%clk 0:28:36]} 1-0

[Event "WCO201402"]
[Site "Tromso"]
[Date "2014.08.12"]
[Round "10.3"]
[WhiteID "3900517"]
[White "Montilla Jorcerys"]
[BlackID "3702014"]
[Black "Perez Dalila"]
[Result "0-1"]
[LiveChessVersion "1.4.3"]
[BlackElo "1791"]
[WhiteElo "2118"]

1. d4 {[%clk 1:30:58]} Nf6 {[%clk 1:30:54]} 2. c4 {[%clk 1:31:13]} e6
{[%clk 1:31:20]} 3. Nf3 {[%clk 1:31:38]} Bb4+ {[%clk 1:31:46]} 4. Bd2
{[%clk 1:32:03]} Bxd2+ {[%clk 1:32:12]} 5. Qxd2 {[%clk 1:32:28]} Qe7
{[%clk 1:32:23]} 6. Nc3 {[%clk 1:32:40]} d5 {[%clk 1:32:42]} 7. e3
{[%clk 1:32:22]} O-O {[%clk 1:33:04]} 8. Bd3 {[%clk 1:32:43]} dxc4
{[%clk 1:33:22]} 9. Bxc4 {[%clk 1:33:08]} Rd8 {[%clk 1:33:37]} 10. O-O
{[%clk 1:32:29]} c5 {[%clk 1:33:13]} 11. Rfd1 {[%clk 1:29:50]} Nc6
{[%clk 1:31:24]} 12. Qe2 {[%clk 1:29:10]} cxd4 {[%clk 1:28:12]} 13. exd4
{[%clk 1:29:11]} b6 {[%clk 1:26:59]} 14. Ne5 {[%clk 1:21:08]} Na5
{[%clk 1:21:41]} 15. Bb5 {[%clk 1:12:01]} Bb7 {[%clk 1:19:02]} 16. Rac1
{[%clk 1:07:12]} h6 {[%clk 1:15:13]} 17. Ba4 {[%clk 1:07:07]} a6 {[%clk 1:12:36]}
18. a3 {[%clk 1:01:19]} b5 {[%clk 1:10:04]} 19. Bc2 {[%clk 1:01:40]} Rac8
{[%clk 1:09:23]} 20. Bb1 {[%clk 0:50:59]} Nb3 {[%clk 1:05:13]} 21. Qe3
{[%clk 0:45:33]} Nxc1 {[%clk 1:04:06]} 22. Rxc1 {[%clk 0:45:58]} b4
{[%clk 1:02:01]} 23. Ne2 {[%clk 0:43:28]} Rxc1+ {[%clk 1:00:19]} 24. Qxc1
{[%clk 0:43:39]} Rc8 {[%clk 0:59:28]} 25. Qe3 {[%clk 0:44:00]} bxa3
{[%clk 0:59:47]} 26. bxa3 {[%clk 0:44:23]} Qc7 {[%clk 0:58:42]} 27. h3
{[%clk 0:43:52]} Bd5 {[%clk 0:57:43]} 28. Bd3 {[%clk 0:43:45]} Qb7
{[%clk 0:54:31]} 29. Kh2 {[%clk 0:42:26]} Be4 {[%clk 0:53:20]} 30. Bc4
{[%clk 0:42:12]} Bxg2 {[%clk 0:52:01]} 31. Nxf7 {[%clk 0:38:22]} Bf1
{[%clk 0:31:53]} 32. f3 {[%clk 0:32:35]} Qb8+ {[%clk 0:19:33]} 33. Kg1
{[%clk 0:29:41]} Bxe2 {[%clk 0:18:48]} 34. Qxe2 {[%clk 0:27:18]} Qg3+
{[%clk 0:16:06]} 35. Kf1 {[%clk 0:27:42]} Qxh3+ {[%clk 0:16:12]} 36. Ke1
{[%clk 0:28:02]} Kxf7 {[%clk 0:15:33]} 0-1

[Event "WCO201402"]
[Site "Tromso"]
[Date "2014.08.12"]
[Round "10.4"]
[WhiteID "3702073"]
[White "Avalos Leticia"]
[BlackID "3903001"]
[Black "Varela La Madrid Tilsia Carolin"]
[Result "0-1"]
[LiveChessVersion "1.4.3"]
[BlackElo "2008"]
[WhiteElo "1687"]

1. d4 {[%clk 1:30:57]} d5 {[%clk 1:30:54]} 2. c4 {[%clk 1:31:23]} e6
{[%clk 1:31:19]} 3. Nc3 {[%clk 1:31:48]} Nf6 {[%clk 1:31:42]} 4. cxd5
{[%clk 1:30:40]} exd5 {[%clk 1:32:04]} 5. Bg5 {[%clk 1:30:14]} Be7
{[%clk 1:32:26]} 6. Qc2 {[%clk 1:30:20]} O-O {[%clk 1:32:29]} 7. e3
{[%clk 1:30:45]} c6 {[%clk 1:30:54]} 8. Bd3 {[%clk 1:30:47]} Nbd7
{[%clk 1:31:14]} 9. Nf3 {[%clk 1:31:00]} Re8 {[%clk 1:31:18]} 10. O-O
{[%clk 1:31:15]} h6 {[%clk 1:26:57]} 11. Bh4 {[%clk 1:31:30]} Ne4
{[%clk 1:25:35]} 12. Bxe7 {[%clk 1:30:36]} Qxe7 {[%clk 1:25:55]} 13. Bxe4
{[%clk 1:15:32]} dxe4 {[%clk 1:26:06]} 14. Nd2 {[%clk 1:15:56]} Nf6
{[%clk 1:23:08]} 15. Nc4 {[%clk 1:03:10]} Nd5 {[%clk 1:19:42]} 16. a3
{[%clk 0:59:10]} Nxc3 {[%clk 1:18:37]} 17. Qxc3 {[%clk 0:57:34]} Qg5
{[%clk 1:16:29]} 18. Kh1 {[%clk 0:53:15]} h5 {[%clk 1:13:52]} 19. Nd6
{[%clk 0:46:30]} Re6 {[%clk 1:14:09]} 20. Nxc8 {[%clk 0:46:54]} Rxc8
{[%clk 1:14:12]} 21. Rad1 {[%clk 0:43:41]} h4 {[%clk 1:13:07]} 22. h3
{[%clk 0:43:03]} Rd8 {[%clk 1:11:15]} 23. Qb3 {[%clk 0:39:55]} Rg6
{[%clk 1:11:15]} 24. Rg1 {[%clk 0:39:52]} Rd7 {[%clk 1:05:37]} 25. Qa4
{[%clk 0:30:23]} Qf5 {[%clk 1:02:40]} 26. Rd2 {[%clk 0:30:09]} a6
{[%clk 1:01:02]} 27. Qc4 {[%clk 0:29:50]} Rd5 {[%clk 1:00:56]} 28. b4
{[%clk 0:29:22]} Qd7 {[%clk 0:59:28]} 29. Qc2 {[%clk 0:25:14]} Qe7
{[%clk 0:58:17]} 30. Qd1 {[%clk 0:23:09]} a5 {[%clk 0:56:19]} 31. Rb2
{[%clk 0:20:40]} axb4 {[%clk 0:55:18]} 32. Rxb4 {[%clk 0:20:34]} Rdg5
{[%clk 0:54:55]} 33. Qb1 {[%clk 0:19:26]} Qe6 {[%clk 0:53:10]} 34. Kh2
{[%clk 0:17:14]} b5 {[%clk 0:50:40]} 35. a4 {[%clk 0:11:34]} bxa4
{[%clk 0:46:04]} 36. Rxa4 {[%clk 0:10:33]} Qf5 {[%clk 0:44:03]} 37. Ra8+
{[%clk 0:08:44]} Kh7 {[%clk 0:43:51]} 38. Qb8 {[%clk 0:09:00]} Rh6
{[%clk 0:42:47]} 39. Qg8+ {[%clk 0:06:28]} Kg6 {[%clk 0:43:04]} 40. Rc8
{[%clk 0:06:54]} Qxf2 {[%clk 0:42:24]} 41. Rxc6+ {[%clk 0:05:23]} Kh5
{[%clk 0:41:48]} 42. Rxh6+ {[%clk 0:28:45]} Kxh6 {[%clk 1:12:40]} 43. Qd8
{[%clk 0:19:14]} Qxe3 {[%clk 1:12:07]} 44. d5 {[%clk 0:19:39]} Qg3+
{[%clk 1:11:38]} 45. Kh1 {[%clk 0:20:05]} e3 {[%clk 1:09:09]} 46. Qb6+
{[%clk 0:17:21]} Rg6 {[%clk 1:09:15]} 47. Qb2 {[%clk 0:16:56]} Rf6
{[%clk 1:07:53]} 48. Qc1 {[%clk 0:13:14]} g5 {[%clk 1:06:30]} 49. Qc3
{[%clk 0:12:29]} Qf2 {[%clk 1:00:26]} 50. d6 {[%clk 0:07:02]} Rxd6
{[%clk 0:59:50]} 51. Qh8+ {[%clk 0:07:27]} Kg6 {[%clk 1:00:11]} 52. Qg8+
{[%clk 0:07:52]} Kf6 {[%clk 1:00:21]} 53. Qh8+ {[%clk 0:08:14]} Kf5
{[%clk 0:57:54]} 54. Ra1 {[%clk 0:06:35]} Kg6 {[%clk 0:52:05]} 55. Qg8+
{[%clk 0:06:46]} Kh5 {[%clk 0:52:10]} 56. Qh8+ {[%clk 0:06:23]} Rh6
{[%clk 0:52:27]} 57. Qd4 {[%clk 0:06:42]} Rf6 {[%clk 0:50:57]} 58. Qg4+
{[%clk 0:01:08]} Kg6 {[%clk 0:51:25]} 59. Ra8 {[%clk 0:00:45]} Qf1+
{[%clk 0:51:30]} 60. Kh2 {[%clk 0:01:08]} Qf4+ {[%clk 0:51:39]} 61. Kg1
{[%clk 0:00:32]} Qxg4 {[%clk 0:51:19]} 62. hxg4 {[%clk 0:00:58]} Re6
{[%clk 0:51:30]} 63. Kf1 {[%clk 0:01:17]} Re4 {[%clk 0:51:38]} 0-1

[Event "WCO2014"]
[Site "Tromso"]
[Date "2014.08.12"]
[Round "10.44"]
[WhiteID "6101097"]
[White "Madrigal Ana Daniela"]
[BlackID "1504959"]
[Black "Reppen Ellisiv"]
[Result "1/2-1/2"]
[LiveChessVersion "1.4.3"]
[BlackElo "2016"]
[WhiteElo "1986"]

1. d4 {[%clk 1:30:57]} Nf6 {[%clk 1:30:52]} 2. c4 {[%clk 1:31:22]} g6
{[%clk 1:31:13]} 3. Nc3 {[%clk 1:31:32]} d5 {[%clk 1:31:24]} 4. cxd5
{[%clk 1:31:45]} Nxd5 {[%clk 1:31:43]} 5. e4 {[%clk 1:32:09]} Nxc3
{[%clk 1:32:00]} 6. bxc3 {[%clk 1:32:34]} Bg7 {[%clk 1:32:04]} 7. Be3
{[%clk 1:32:11]} c5 {[%clk 1:31:35]} 8. Qd2 {[%clk 1:32:35]} Qa5 {[%clk 1:27:34]}
9. Rc1 {[%clk 1:30:24]} cxd4 {[%clk 1:21:17]} 10. cxd4 {[%clk 1:30:43]} Qxd2+
{[%clk 1:21:09]} 11. Bxd2 {[%clk 1:30:50]} O-O {[%clk 1:20:28]} 12. Be3
{[%clk 1:29:50]} b6 {[%clk 1:15:04]} 13. Bd3 {[%clk 1:21:22]} Ba6
{[%clk 1:13:41]} 14. Kd2 {[%clk 1:13:51]} Bxd3 {[%clk 1:12:31]} 15. Kxd3
{[%clk 1:11:31]} Na6 {[%clk 1:11:47]} 16. a3 {[%clk 1:11:10]} Rfd8
{[%clk 1:10:42]} 17. Nf3 {[%clk 0:59:57]} Nc5+ {[%clk 1:09:00]} 18. Ke2
{[%clk 0:59:50]} Nxe4 {[%clk 1:08:44]} 19. Rc7 {[%clk 0:59:59]} e6
{[%clk 1:05:11]} 20. Rhc1 {[%clk 0:57:28]} Nd6 {[%clk 0:56:25]} 21. a4
{[%clk 0:56:37]} Nf5 {[%clk 0:52:58]} 22. R1c4 {[%clk 0:53:44]} h6
{[%clk 0:47:41]} 23. g4 {[%clk 0:51:13]} Nxe3 {[%clk 0:44:41]} 24. fxe3
{[%clk 0:51:25]} a6 {[%clk 0:31:55]} 25. R4c6 {[%clk 0:36:07]} b5
{[%clk 0:27:50]} 26. axb5 {[%clk 0:35:44]} axb5 {[%clk 0:28:14]} 27. Rb7
{[%clk 0:35:59]} Ra2+ {[%clk 0:27:39]} 28. Kd3 {[%clk 0:32:33]} Rg2
{[%clk 0:25:30]} 29. Rcc7 {[%clk 0:28:12]} Rf8 {[%clk 0:25:25]} 30. Rxb5
{[%clk 0:24:27]} Rxg4 {[%clk 0:25:22]} 31. Rbb7 {[%clk 0:24:40]} Bf6
{[%clk 0:22:58]} 32. Ra7 {[%clk 0:17:00]} Rg2 {[%clk 0:19:22]} 33. Rcb7
{[%clk 0:15:48]} g5 {[%clk 0:17:48]} 34. Nd2 {[%clk 0:13:23]} Rxh2
{[%clk 0:16:33]} 35. Ne4 {[%clk 0:13:41]} Bg7 {[%clk 0:16:16]} 36. Nc5
{[%clk 0:12:30]} Bh8 {[%clk 0:12:44]} 37. Nd7 {[%clk 0:06:04]} Rd8
{[%clk 0:12:25]} 38. Ke4 {[%clk 0:04:40]} Rf2 {[%clk 0:12:04]} 39. Nc5
{[%clk 0:04:13]} g4 {[%clk 0:11:41]} 40. Kd3 {[%clk 0:04:15]} g3 {[%clk 0:11:16]}
41. Ra1 {[%clk 0:04:27]} g2 {[%clk 0:03:18]} 42. Rg1 {[%clk 0:04:19]} Be5
{[%clk 0:28:32]} 43. Ne4 {[%clk 0:32:46]} Bh2 {[%clk 0:24:31]} 44. Nxf2
{[%clk 0:33:08]} Bxg1 {[%clk 0:24:56]} 45. Nh3 {[%clk 0:33:21]} Bh2
{[%clk 0:22:26]} 46. Rb2 {[%clk 0:33:20]} g1=Q {[%clk 0:21:34]} 47. Nxg1
{[%clk 0:33:41]} Bb8 {[%clk 0:19:29]} 48. Rb5 {[%clk 0:31:47]} e5
{[%clk 0:12:59]} 49. d5 {[%clk 0:30:57]} f5 {[%clk 0:12:06]} 50. e4
{[%clk 0:31:20]} f4 {[%clk 0:11:31]} 51. Nf3 {[%clk 0:31:41]} Kg7
{[%clk 0:10:41]} 52. Rb6 {[%clk 0:31:32]} 1/2-1/2

[Event "WCO2014"]
[Site "Tromso"]
[Date "2014.08.12"]
[Round "10.43"]
[WhiteID "1502972"]
[White "Gronnestad Anita"]
[BlackID "6101496"]
[Black "Mendieta Kathya"]
[Result "1/2-1/2"]
[LiveChessVersion "1.4.3"]
[BlackElo "1877"]
[WhiteElo "1997"]

1. c4 {[%clk 1:30:52]} e5 {[%clk 1:30:32]} 2. Nc3 {[%clk 1:30:47]} Nc6
{[%clk 1:30:21]} 3. g3 {[%clk 1:30:57]} g6 {[%clk 1:29:44]} 4. Bg2
{[%clk 1:31:07]} Bg7 {[%clk 1:29:48]} 5. e4 {[%clk 1:30:36]} d6 {[%clk 1:28:55]}
6. Nge2 {[%clk 1:28:58]} f5 {[%clk 1:27:47]} 7. d3 {[%clk 1:28:08]} Nf6
{[%clk 1:26:57]} 8. O-O {[%clk 1:27:06]} O-O {[%clk 1:25:38]} 9. Rb1
{[%clk 1:20:06]} a5 {[%clk 1:12:52]} 10. f4 {[%clk 1:12:18]} Rb8 {[%clk 1:09:25]}
11. h3 {[%clk 1:08:40]} Be6 {[%clk 1:07:01]} 12. Nd5 {[%clk 1:07:07]} Qd7
{[%clk 1:06:18]} 13. Kh2 {[%clk 1:05:51]} Nd4 {[%clk 0:49:35]} 14. fxe5
{[%clk 0:49:26]} dxe5 {[%clk 0:49:04]} 15. Nxd4 {[%clk 0:49:06]} exd4
{[%clk 0:49:17]} 16. Nxf6+ {[%clk 0:46:41]} Bxf6 {[%clk 0:48:55]} 17. Bh6
{[%clk 0:43:39]} Rf7 {[%clk 0:46:31]} 18. h4 {[%clk 0:27:13]} fxe4
{[%clk 0:44:48]} 19. Bxe4 {[%clk 0:24:13]} c6 {[%clk 0:42:59]} 20. Qd2
{[%clk 0:22:43]} Re8 {[%clk 0:33:08]} 21. Rbe1 {[%clk 0:21:44]} Bg7
{[%clk 0:29:16]} 22. Bxg7 {[%clk 0:20:00]} Kxg7 {[%clk 0:27:39]} 23. Qg5
{[%clk 0:18:32]} Ref8 {[%clk 0:21:59]} 24. Qe5+ {[%clk 0:18:35]} Kg8
{[%clk 0:18:12]} 25. Rxf7 {[%clk 0:16:49]} Rxf7 {[%clk 0:13:43]} 26. Kg1
{[%clk 0:11:50]} Bg4 {[%clk 0:09:29]} 27. Bg2 {[%clk 0:10:43]} Bf5
{[%clk 0:06:07]} 28. Rf1 {[%clk 0:07:36]} Bxd3 {[%clk 0:03:58]} 29. Qb8+
{[%clk 0:07:56]} Kg7 {[%clk 0:04:04]} 30. Qe5+ {[%clk 0:08:13]} Kg8
{[%clk 0:04:22]} 31. Qb8+ {[%clk 0:08:31]} Kg7 {[%clk 0:04:44]} 32. Qe5+
{[%clk 0:08:49]} Kg8 {[%clk 0:05:04]} 33. Qb8+ {[%clk 0:08:41]} Kg7
{[%clk 0:05:23]} 1/2-1/2

[Event "WCO2014"]
[Site "Tromso"]
[Date "2014.08.12"]
[Round "10.42"]
[WhiteID "6101488"]
[White "Granados Maria"]
[BlackID "1505467"]
[Black "Jorgensen Line Jin"]
[Result "0-1"]
[LiveChessVersion "1.4.3"]
[BlackElo "1939"]
[WhiteElo "1899"]

1. e4 {[%clk 1:30:56]} e6 {[%clk 1:30:54]} 2. d4 {[%clk 1:31:12]} d5
{[%clk 1:31:16]} 3. Nd2 {[%clk 1:31:35]} Nf6 {[%clk 1:31:37]} 4. Bd3
{[%clk 1:32:00]} c5 {[%clk 1:31:58]} 5. c3 {[%clk 1:31:31]} cxd4 {[%clk 1:32:20]}
6. cxd4 {[%clk 1:31:52]} dxe4 {[%clk 1:32:45]} 7. Nxe4 {[%clk 1:32:05]} Nxe4
{[%clk 1:33:08]} 8. Bxe4 {[%clk 1:32:27]} Bb4+ {[%clk 1:33:34]} 9. Bd2
{[%clk 1:32:39]} Bxd2+ {[%clk 1:34:00]} 10. Qxd2 {[%clk 1:32:58]} Nd7
{[%clk 1:34:22]} 11. Nf3 {[%clk 1:31:52]} O-O {[%clk 1:30:54]} 12. Rc1
{[%clk 1:30:33]} Nf6 {[%clk 1:31:14]} 13. Bb1 {[%clk 1:30:46]} b6
{[%clk 1:31:05]} 14. O-O {[%clk 1:30:33]} Bb7 {[%clk 1:31:24]} 15. Ne5
{[%clk 1:29:47]} Qd5 {[%clk 1:26:03]} 16. f4 {[%clk 1:27:31]} Rfd8
{[%clk 1:12:51]} 17. Rfd1 {[%clk 1:25:06]} Rac8 {[%clk 1:10:59]} 18. Rxc8
{[%clk 1:13:58]} Rxc8 {[%clk 1:08:28]} 19. f5 {[%clk 1:10:45]} Ne4
{[%clk 1:05:40]} 20. Bxe4 {[%clk 1:09:09]} Qxe4 {[%clk 1:06:09]} 21. fxe6
{[%clk 1:09:28]} fxe6 {[%clk 1:03:07]} 22. Re1 {[%clk 0:58:24]} Rc2
{[%clk 1:02:17]} 23. Rxe4 {[%clk 0:54:48]} Rxd2 {[%clk 1:02:34]} 24. Rg4
{[%clk 0:51:34]} Rxb2 {[%clk 1:01:43]} 25. a3 {[%clk 0:50:57]} a5
{[%clk 0:53:55]} 26. Nd7 {[%clk 0:49:01]} Bc6 {[%clk 0:44:09]} 27. Ne5
{[%clk 0:44:02]} Be8 {[%clk 0:43:13]} 28. Rg3 {[%clk 0:42:43]} b5
{[%clk 0:40:14]} 29. Rc3 {[%clk 0:42:37]} Kf8 {[%clk 0:39:43]} 30. h3
{[%clk 0:41:37]} Rd2 {[%clk 0:38:38]} 31. Nf3 {[%clk 0:37:42]} Rb2
{[%clk 0:37:40]} 32. Re3 {[%clk 0:37:16]} Bc6 {[%clk 0:35:03]} 33. Kf1
{[%clk 0:23:39]} Bxf3 {[%clk 0:34:49]} 34. Rxf3+ {[%clk 0:24:01]} Ke7
{[%clk 0:35:15]} 35. Rc3 {[%clk 0:22:53]} Kd6 {[%clk 0:33:53]} 36. Rc5
{[%clk 0:21:48]} a4 {[%clk 0:34:03]} 37. Rc8 {[%clk 0:10:23]} b4 {[%clk 0:33:21]}
0-1

[Event "WCO2014"]
[Site "Tromso"]
[Date "2014.08.12"]
[Round "10.41"]
[WhiteID "1513591"]
[White "Machlik Edit"]
[BlackID "6100694"]
[Black "Alarcon Pamela"]
[Result "1-0"]
[LiveChessVersion "1.4.3"]
[BlackElo "1906"]
[WhiteElo "1950"]

1. d4 {[%clk 1:30:59]} d5 {[%clk 1:29:43]} 2. c4 {[%clk 1:31:21]} e6
{[%clk 1:30:07]} 3. Nc3 {[%clk 1:31:44]} Nf6 {[%clk 1:30:16]} 4. cxd5
{[%clk 1:32:07]} exd5 {[%clk 1:30:31]} 5. Bg5 {[%clk 1:32:32]} Be7
{[%clk 1:30:47]} 6. e3 {[%clk 1:32:48]} c6 {[%clk 1:30:14]} 7. Qc2
{[%clk 1:33:07]} Ne4 {[%clk 1:25:20]} 8. Bxe7 {[%clk 1:30:20]} Qxe7
{[%clk 1:25:43]} 9. Nxd5 {[%clk 1:29:48]} cxd5 {[%clk 1:24:36]} 10. Qxc8+
{[%clk 1:30:04]} Qd8 {[%clk 1:25:02]} 11. Bb5+ {[%clk 1:28:18]} Ke7
{[%clk 1:23:13]} 12. Qxb7+ {[%clk 1:26:32]} Kf6 {[%clk 1:22:00]} 13. b4
{[%clk 1:06:00]} Qd6 {[%clk 1:21:15]} 14. a3 {[%clk 1:04:04]} Rd8
{[%clk 1:21:17]} 15. Rc1 {[%clk 0:56:46]} Qb6 {[%clk 1:18:49]} 16. Bc6
{[%clk 0:52:03]} Nd7 {[%clk 1:18:03]} 17. Bxd5 {[%clk 0:50:02]} Nd6
{[%clk 1:18:01]} 18. Qxb6 {[%clk 0:49:43]} axb6 {[%clk 1:18:16]} 19. Bxa8
{[%clk 0:50:04]} Rxa8 {[%clk 1:18:41]} 20. Rc6 {[%clk 0:47:20]} Ke7
{[%clk 1:19:05]} 21. Ne2 {[%clk 0:46:58]} Rxa3 {[%clk 1:19:23]} 22. O-O
{[%clk 0:47:12]} Rb3 {[%clk 1:19:46]} 23. Nf4 {[%clk 0:47:12]} g5
{[%clk 1:19:11]} 24. Nd5+ {[%clk 0:47:15]} Ke6 {[%clk 1:19:30]} 25. e4
{[%clk 0:46:24]} Rd3 {[%clk 1:19:56]} 26. e5 {[%clk 0:46:12]} 1-0

[Event "WCO2014"]
[Site "Tromso"]
[Date "2014.08.12"]
[Round "10.21"]
[WhiteID "6502270"]
[White "Gamboa Alvarado Olga Leticia"]
[BlackID "5300517"]
[Black "Mouradian Knarik"]
[Result "1-0"]
[LiveChessVersion "1.4.3"]
[BlackElo "2188"]
[WhiteElo "1899"]

1. d4 {[%clk 1:30:56]} Nf6 {[%clk 1:30:55]} 2. c4 {[%clk 1:31:21]} g6
{[%clk 1:31:18]} 3. Nc3 {[%clk 1:31:46]} Bg7 {[%clk 1:31:45]} 4. e4
{[%clk 1:32:10]} d6 {[%clk 1:32:04]} 5. Be2 {[%clk 1:32:26]} O-O {[%clk 1:32:13]}
6. Bg5 {[%clk 1:30:27]} Na6 {[%clk 1:31:48]} 7. f4 {[%clk 1:30:37]} c6
{[%clk 1:31:42]} 8. Nf3 {[%clk 1:30:47]} Nc7 {[%clk 1:30:33]} 9. O-O
{[%clk 1:22:41]} d5 {[%clk 1:25:52]} 10. cxd5 {[%clk 1:18:52]} cxd5
{[%clk 1:26:10]} 11. e5 {[%clk 1:14:08]} Ne4 {[%clk 1:24:22]} 12. Bh4
{[%clk 1:13:06]} Ne6 {[%clk 1:17:12]} 13. Ng5 {[%clk 1:07:10]} N6xg5
{[%clk 1:07:17]} 14. fxg5 {[%clk 1:05:39]} Be6 {[%clk 1:00:13]} 15. Bg4
{[%clk 0:57:32]} Bxg4 {[%clk 0:53:25]} 16. Qxg4 {[%clk 0:57:55]} Nxc3
{[%clk 0:52:50]} 17. bxc3 {[%clk 0:58:18]} Rc8 {[%clk 0:51:48]} 18. Rf3
{[%clk 0:58:40]} e6 {[%clk 0:48:33]} 19. Raf1 {[%clk 0:58:53]} Qa5
{[%clk 0:41:38]} 20. Rh3 {[%clk 0:55:24]} Qxa2 {[%clk 0:20:51]} 21. Be1
{[%clk 0:55:09]} Qc2 {[%clk 0:19:26]} 22. Qh4 {[%clk 0:54:43]} Rfd8
{[%clk 0:17:53]} 23. Qxh7+ {[%clk 0:52:36]} Kf8 {[%clk 0:18:20]} 24. Rhf3
{[%clk 0:52:28]} Rc7 {[%clk 0:17:56]} 25. h4 {[%clk 0:51:21]} Qe4
{[%clk 0:13:18]} 26. Rf4 {[%clk 0:49:39]} Qe3+ {[%clk 0:10:21]} 27. Kh1
{[%clk 0:49:37]} Rdd7 {[%clk 0:09:47]} 28. Qxg6 {[%clk 0:49:37]} Kg8
{[%clk 0:10:04]} 29. Qh5 {[%clk 0:49:32]} Qd3 {[%clk 0:09:18]} 30. Qg4
{[%clk 0:49:18]} Qh7 {[%clk 0:08:52]} 31. h5 {[%clk 0:49:32]} a5 {[%clk 0:07:44]}
32. Kg1 {[%clk 0:42:11]} Re7 {[%clk 0:06:50]} 33. g6 {[%clk 0:41:54]} fxg6
{[%clk 0:04:20]} 34. hxg6 {[%clk 0:42:05]} Qh8 {[%clk 0:03:40]} 35. R1f3
{[%clk 0:31:48]} Bh6 {[%clk 0:02:13]} 36. Rf6 {[%clk 0:24:51]} Rc6
{[%clk 0:02:19]} 37. g7 {[%clk 0:20:38]} Rxg7 {[%clk 0:01:00]} 38. Rf8+
{[%clk 0:21:00]} Kh7 {[%clk 0:01:19]} 39. Rxh8+ {[%clk 0:21:19]} Kxh8
{[%clk 0:01:45]} 40. Qh5 {[%clk 0:20:42]} 1-0